Visualizzazione normale
Vista MARC
- Scardamaglia Francesco
di Personal Name
Records bibliografici associati: 1
001 - CONTROL NUMBER
- control field: 40916
003 - CONTROL NUMBER IDENTIFIER
- control field: IT-RoPau
005 - DATE AND TIME OF LATEST TRANSACTION
- control field: 20151126160246.0
008 - FIXED-LENGTH DATA ELEMENTS
- fixed length control field: 151126|| aca||aabn | a|a d
040 ## - CATALOGING SOURCE
- Original cataloging agency: IT-RoPau
- Transcribing agency: IT-RoPau
100 ## - HEADING--PERSONAL NAME
- Personal name: Scardamaglia Francesco
- Relator term: (soggetto)
- Miscellaneous information: Codice Soggetto SPICS: 32801
670 ## - SOURCE DATA FOUND
- Source citation: Work cat.: (IT-RoPau)105350: Capitani Giorgio Codice regista SPICS: 58033 40912, PAPA GIOVANNI - JOANNES XXIII PAPA GIOVANNI - JOANNES XXIII (Rif. Codice opera principale : H5227)